[Event "Bretagne-ch U16"]
[Site "Quimper"]
[Date "2004.02.13"]
[Round "6"]
[White "Le Calvez, Anne Gael"]
[Black "Bacon, Julie"]
[Result "0-1"]
[WhiteElo "1199"]
[BlackElo "1750"]
[PlyCount "74"]
[EventDate "2004.02.10"]
[EventType "tourn"]
[EventRounds "7"]
[EventCountry "FRA"]
[SourceTitle "EXT 2008"]
[Source "ChessBase"]
[SourceDate "2007.11.25"]
[SourceVersion "1"]
[SourceVersionDate "2007.11.25"]
[SourceQuality "1"]

1. d4 Nf6 2. Nf3 e6 3. Nc3 d5 4. Bg5 Be7 5. e3 h6 6. Bf4 a6 7. Bd3 c5 8. 0-0 Nc6 9. Be2 Bd6 10. g3 Bxf4 11. exf4 cxd4 12. Nxd4 0-0 13. b3 Qc7 14. g4 Qxf4 15. Nxc6 bxc6 16. a4 e5 17. f3 Qe3+ 18. Rf2 Qxc3 19. Bd3 e4 20. Be2 exf3 21. Rxf3 Qe5 22. Rf5 Bxf5 23. gxf5 Qxf5 24. Qe1 Qxc2 25. Bd1 Qb2 26. Bf3 Qxb3 27. a5 Qxf3 28. Ra2 Rae8 29. Qd2 Re4 30. Qf2 Rg4+ 31. Kf1 Qd1+ 32. Qe1 Rg1+ 33. Kf2 Qxe1+ 34. Kf3 Rf1+ 35. Kg2 Re8 36. Rf2 Qxf2+ 37. Kh3 Re3# 0-1

[Event "Bretagne-ch U16"]
[Site "Quimper"]
[Date "2004.02.10"]
[Round "1"]
[White "Le Calvez, Anne Gael"]
[Black "Le Bail, Arielle"]
[Result "0-1"]
[WhiteElo "1199"]
[BlackElo "1670"]
[PlyCount "62"]
[EventDate "2004.02.10"]
[EventType "tourn"]
[EventRounds "7"]
[EventCountry "FRA"]
[SourceTitle "EXT 2008"]
[Source "ChessBase"]
[SourceDate "2007.11.25"]
[SourceVersion "1"]
[SourceVersionDate "2007.11.25"]
[SourceQuality "1"]

1. c3 c5 2. Nf3 d6 3. d4 cxd4 4. Nxd4 Nf6 5. Bf4 e5 6. Bg3 exd4 7. cxd4 g6 8. Nd2 Bg7 9. Nf3 0-0 10. e3 Be6 11. Bd3 Nc6 12. Rc1 Nb4 13. 0-0 Nxd3 14. Qxd3 Bxa2 15. Ng5 d5 16. Ra1 Bc4 17. Qc3 Bxf1 18. Kxf1 h6 19. Nf3 Ne4 20. Qd3 Qb6 21. Ra4 Qxb2 22. Ne1 a6 23. Nc2 Rac8 24. Ke2 Nc3+ 25. Kf3 Nxa4 26. Bd6 Rxc2 27. Ba3 Rxf2+ 28. Kg3 Rxg2+ 29. Kh3 Rxh2+ 30. Kg3 Qf2+ 31. Kg4 f5+ 0-1